El trabajo infantil : (Record no. 103330)

MARC details
000 -LEADER
fixed length control field 00750cam a2200217 4500
008 - FIXED-LENGTH DATA ELEMENTS--GENERAL INFORMATION
fixed length control field 060302s2000 mx 000 0 spa u
020 ## - INTERNATIONAL STANDARD BOOK NUMBER
International Standard Book Number 9701504941
111 2# - MAIN ENTRY--MEETING NAME
Meeting name or jurisdiction name as entry element Conferencia Internacional del Trabajo (86a
Date of meeting , 1998 :
Location of meeting Ginebra)
245 13 - TITLE STATEMENT
Title El trabajo infantil :
Remainder of title Lo intolerable en el punto de mira :
-- sexto punto del orden del día /
Statement of responsibility, etc Oficina Internacional del Trabajo
250 ## - EDITION STATEMENT
Edition statement 1a ed.
260 ## - PUBLICATION, DISTRIBUTION, ETC. (IMPRINT)
Place of publication, distribution, etc México :
Name of publisher, distributor, etc Alfaomega,
Date of publication, distribution, etc 2000
300 ## - PHYSICAL DESCRIPTION
Extent iv, 133 p. ;
Dimensions 23 cm.
504 ## - BIBLIOGRAPHY, ETC. NOTE
Bibliography, etc Incluye pies de pagina
506 ## - RESTRICTIONS ON ACCESS NOTE
Terms governing access Pifi 3.1
650 #7 - SUBJECT ADDED ENTRY--TOPICAL TERM
Topical term or geographic name as entry element Trabajo de niños
Source of heading or term Lemb
650 #7 - SUBJECT ADDED ENTRY--TOPICAL TERM
Topical term or geographic name as entry element Problemas sociales
Source of heading or term Lemb
710 2# - ADDED ENTRY--CORPORATE NAME
Corporate name or jurisdiction name as entry element Oficina Internacional del trabajo
942 ## - ADDED ENTRY ELEMENTS (KOHA)
Source of classification or shelving scheme Biblioteca del Cogreso de los Estados Unidos
Koha item type Libro
Holdings
Estado de pérdida Fuente de clasificación Estado del daño No para préstamo Ubicación permanente Ubicación actual Apartado o colección Fecha de adquisición Edición Dependencia de educación superior (DES) Área del conocimiento Clasificación Código de Barras Date last seen Número de copia Tipo de recurso
  Biblioteca del Cogreso de los Estados Unidos     Biblioteca de la Unidad de Ciencias Ingeniería y Humanidades Biblioteca de la Unidad de Ciencias Ingeniería y Humanidades General 29/03/2019 1a. ed.   Ciencias Sociales y Administrativas HD624 C65 2000 BCU000006366 29/03/2019 C:1 Libro
  Biblioteca del Cogreso de los Estados Unidos     Biblioteca de la Unidad de Ciencias Ingeniería y Humanidades Biblioteca de la Unidad de Ciencias Ingeniería y Humanidades General 29/03/2019 1a. ed.   Ciencias Sociales y Administrativas HD624 C65 2000 BCU000006403 29/03/2019 C:2 Libro
  Biblioteca del Cogreso de los Estados Unidos     Biblioteca del Instituto de Investigaciones Económicas y Empresariales Biblioteca del Instituto de Investigaciones Económicas y Empresariales General 24/11/2015 1a ed. Ciencias Económico Administrativas Ciencias Sociales y Administrativas HD6250.L292 T73 2006 IIE000000678 24/11/2015 C:1 Libro